000 00647nam a2200265Ia 4500
005 20260324153351.0
008 008 260324s9999 xx 000 0 eng d
020 _a9780128244111
037 _aEBOOK
040 _aCRL
040 _beng
040 _cCRL
041 _2eng
041 _aeng
084 _qCRL
100 _aNaomichi Yamamoto
_91231223
245 0 _aFundamentals of Bioaerosols Science
260 _bElsevier
260 _c2023
650 _aEarth and Planetary Sciences
856 _uhttps://www.sciencedirect.com/science/book/9780128244111
942 _cEBOOK
999 _c1842650
_d1842650